| 000 | 00844nam a2200289 a 4500 | ||
|---|---|---|---|
| 001 | 66155 | ||
| 003 | BD-RjUL | ||
| 005 | 20211209081515.0 | ||
| 008 | 170314s1986 nju b 001 0 eng | ||
| 020 | _a0133855430 | ||
| 035 | _a(BD-RjUL)66285 | ||
| 040 |
_aDLC _cDLC _dBD-RjUL _beng |
||
| 041 | _aeng | ||
| 082 | 0 | 0 |
_a612.67 _223 _bBUH 1986 |
| 100 | 1 |
_aBurdman, Geri Marr. _9195741 |
|
| 245 | 1 | 0 |
_aHealthful aging / _cGeri Marr Burdman. |
| 260 |
_aEnglewood Cliffs, N.J. : _bPrentice-Hall, _cc1986. |
||
| 300 |
_aix, 230 p. ; _c24 cm. |
||
| 504 | _aIncludes bibliographies and index. | ||
| 650 | 0 |
_aOlder people _xHealth and hygiene. _9195742 |
|
| 650 | 0 |
_aHolistic medicine. _9195743 |
|
| 650 | 0 |
_aAging. _9170787 |
|
| 650 | 0 |
_aHealth. _9180930 |
|
| 650 | 0 |
_aQuality of life. _9175238 |
|
| 942 |
_2ddc _cBK |
||
| 999 |
_c66155 _d66155 |
||